00473nam a2200145Ia 4500008004100000100001900041245009500060245003700155260005900192260000900251300000800260650001800268650001500286856002600301170221s9999 xx 000 0 und d aHezron Mogambi aCommunity Radio and Empowerment of Women among Pastoralist Communities in Northern Kenya  cHezron Mogambi, Abiya P. Ochola. bOnline Journal of Communication and Media Technologies c2013 a2 : xCommunication xMedia Arts uhttp://www.ojcmt.net/